000 00868 a2200253 4500
003 OSt
005 20180116192340.0
008 120208t xxu||||| |||| 00| 0 eng d
010 _a 2004559198
020 _a1582795576 (deluxe)
020 _a1582795584 (standard)
020 _a1582795568 (guilded)
035 _a(OCoLC)ocm53438761
040 _c0
082 0 0 _a423
245 0 4 _aThe new international Webster's comprehensive dictionary of the English language.
246 3 0 _aWebster's comprehensive dictionary of the English language
250 _aDeluxe encyclopedic ed., 2003 ed.
260 _aNaples, Fla. :
_bTrident Press International,
_c2003.
300 _axx, 1895, SD-50 p. :
_bill. ;
_c29 cm.
650 0 _aEnglish language
942 _aSADA
_cREF
_k423 NEW 2003
_2ddc
999 _c352646
_d352646